00453nam a22001457a 450000500170000002000220001703500130003903700130005210000230006524500960008826000510018430000240023594200310025999900170029020120420151029.0 a8176481076c00.00 aA-991581 aDPLbENG aGhosh, P.A.945518 aEthnic conflict in Sri Lanka and role of Indian peace keeping force (IPKF) /cby P.A. Ghosh aNew DelhibA.P.H. Publishing Corporationc1999 axxv, 215p.c20 cms. 2ddccENh305.89540548mGHO c65394d65394